000 00913cab a2200361 4500
001 ABS47221
008 090401t1992 xxu||||| |||| 00| 0 eng d
035 _a(Sirsi) u61098
041 _aeng
245 _aMarket talk : Hampshire market
260 _c1992
350 _a0
490 _aChartered Surveyor Weekly
_v41(2) 8 October 1992, 33-40(4)
520 _aSurvey of agents views on commercial property in Hampshire.
650 _aALDERSHOT
650 _aALTON
650 _aANDOVER
650 _aBASINGSTOKE
650 _aEASTLEIGH
650 _aFARNBOROUGH
650 _aFLEET
650 _aINDUSTRIAL
650 _aLEASES
650 _aOFFICES
650 _aPORTSMOUTH
650 _aRENTS
650 _aRETAIL
650 _aSTRUCTURE PLAN
650 _aWINCHESTER
690 _aPROPERTY-COMMERCIAL PROPERTY-COMMERCIAL PROPERTY MARKET
942 _n0
948 _c04/03/1997
999 _c37777
_d37777